000 00283nam a2200109Ia 4500
008 171211s9999 xx 000 0 und d
245 _aSolidWorks 2007 Bible
245 _cMatt Lombard
260 _c2007
650 _xSOFTWARE
856 _uhttp://down.ebook777.com/062/0470080132.pdf
999 _c349335
_d349335